Včelárenie v meste

Bibliographic Details
Main Author: Račková, Zlatica (Author)
Format: Article
Language:Slovak
PhysicalDescription:Obr. 1.
Subjects:

MARC

LEADER 00000nab a2200000 a 4500
001 vtls000384907
003 SK-MaSNL
005 20260304082205.0
008 250424c1990 xo 0 slo
015 |a SNBRB19rr/mm-uuuuu 
035 |a CL0385029 
035 |a urn:nbn:sk:snk-ab1riq 
035 |a (urnnbn)urn:nbn:sk:snk:ar-0064y1 
035 |a (uuid)d222c46e-98a5-4e22-b918-f4f100283685 
040 |a SNKBUCL  |b slo  |c SNKBUCL  |e AACR2 
041 0 |a slo 
044 |a xo  |c SK 
080 |a 638.14  |2 1981 
100 1 |a Račková, Zlatica  |4 aut  |9 1347761 
245 1 0 |a Včelárenie v meste  |c Zlatica Račková 
300 |b Obr. 1. 
650 0 7 |a včelstvá  |2 snkbucl  |9 16615 
655 7 |a články z novín a časopisov  |2 snkbucl  |9 267496 
773 0 |t Včelár  |g Roč. 64, č. 6 (1990), s. 124 
850 |a Slovenská národná knižnica 
852 |a Slovenská národná knižnica 
954 |a odborná, vedecká literatúra pôvodná (slovenská)  |2 lita 
958 |a article27 
958 |a OND 
958 |a RK 
958 |a EUIPO 
992 |a RBX 
999 |c 2794521  |d 2796451